000 00386pab a2200157 454500
008 180718b2003 xxu||||| |||| 00| 0 eng d
100 _aRozanova, Julia
245 _aRussia in the context of globalization
260 _c2003
300 _ap.649-69.
362 _aNov
650 _aGlobalization - Russia
650 _aGlobalization
773 _aCurrent Sociology
909 _a58886
999 _c58886
_d58886